000 01807nam a2200301 a 4500
003 BLK
005 20240102101007.0
008 180407b bul|||||r ||||||| ||bul||
040 _aBLK
041 _aBUL
_cBUL
080 _aВъзпитание на деца с увредени сетива и нервна система (слепи, глухонеми, епилептици). Логопедия
_b376.3
_x.018.2
_z376.3.018.2
100 _9248523
_aБалтаджиева, Ангелина Йорданова
245 1 0 _aУчителят в помощ на интегрираните деца с увреден слух
_bИст. преглед, съвр. тенденции, устна реч, позицията на специалиста, позицията на учениците с увреден слух
_cА. Балтаджиева и др. ; под ред. на А. Балтаджиева
257 _aBGR
260 _aСофия
_bСъюз на глухите в България
_c2000
_fСофия : Образование и наука
300 _a128 с.
_c24 см
380 _a3
500 _aДруги авт. : В. Кацарска, М. Стамболиева, Т. Драганова, отбелязани на с. 3 Офс. изд.
650 0 _9253910
_aГлухи - възпитание и обучение
650 0 _9284922
_aГлухота - у децата
650 0 _9265269
_aДеца - с дефектологична недостатъчност - възпитание и обучение
852 _aЦб 205651
_bЦб
856 4 _qpdf
856 4 _qpdf
942 _cKNG
_n0
944 _aCR
_c2023
_k30550
_lКети Илиева
999 _c30842
_d30842